[Event "Pamplona 9697 7th"]
[Site "Pamplona"]
[Date "1996.??.??"]
[Round "2"]
[White "Ponomariov, Ruslan"]
[Black "Gomez Esteban, Juan Mario"]
[Result "1-0"]
[WhiteElo "2550"]
[BlackElo "2495"]
[Annotator "Tsesarsky,I"]
[PlyCount "119"]
[EventDate "1996.12.??"]
[EventType "tourn"]
[EventRounds "9"]
[EventCountry "ESP"]
[EventCategory "13"]
[SourceTitle "CBM 057"]
[Source "ChessBase"]
[SourceDate "1997.04.01"]
[SourceVersion "1"]
[SourceVersionDate "1997.04.01"]
[SourceQuality "1"]

1. e4 e5 2. Nf3 Nc6 3. Nc3 Nf6 4. Bb5 Nd4 5. Ba4 c6 6. Nxe5 d6 7. Nf3 $11 (7.
Nd3 $5) 7... Bg4 8. h3 $5 $146 (8. d3 $6 d5 9. Be3 Nxf3+ $1 (9... dxe4 $2 10.
Nxe4 Nxe4 11. Bxd4 $16) 10. gxf3 Bh5 11. exd5 (11. Bd2 d4 12. Nb1 Bd6 $44)
11... Nxd5 12. Ne4 $6 (12. Bb3 Nxc3 13. bxc3 Qf6 $15) (12. Nxd5 $32 Qxd5 13.
Bb3 Qxf3 14. Qxf3 Bxf3 15. Rg1 $10) (12. Qe2 Nxc3 13. bxc3 Qd5 14. Bd4+ Kd7 15.
Bb3 Qf5 $17) 12... f5 $1 (12... Nxe3 13. fxe3 Qh4+ 14. Ke2 f5 15. Nc3) 13. Ng3
(13. Nd2 Nxe3 14. fxe3 Qh4+ $17) 13... f4 14. Nxh5 fxe3 $17 {0-1 Bologan,
V-Malaniuk,V/Nikolaev zt 1995 (40)}) 8... Bxf3 (8... Nxf3+ 9. gxf3 Bh5 10. d4
Qa5 11. Qd3 $14 (11. Bb3 $2 Nxe4 $15)) 9. gxf3 g6 10. Kf1 Bg7 11. Ne2 $2 (11.
d3 $142 Nh5 12. f4 (12. Kg2 Ne6 13. Ne2 Nhf4+ $1 14. Nxf4 Qg5+ 15. Kh2 Nxf4 16.
Rg1 Qh4 17. Rg3 Be5 $15) 12... Ne6 13. Ne2 Qh4 14. Qd2 Bh6 15. Qb4 O-O-O 16. f5
Nef4 17. Nxf4 Bxf4 $44) 11... Nxf3 12. d4 Qa5 $17 (12... Nxe4 $2 13. Qd3 Nfg5 (
13... Neg5 14. h4 $16) 14. h4 $16) 13. Nc3 Ng5 14. e5 (14. d5 Ngxe4 15. dxc6 b5
16. Qe2 bxa4 17. Nxe4 O-O $17) (14. Bxg5 Qxg5 15. d5 b5 16. Bb3 b4 17. Na4 O-O
$17) 14... Nfe4 $1 (14... Nd5 $2 15. Bxg5 (15. exd6 Ne6 (15... Nxc3 16. bxc3
Ne6 17. d5 Qxa4 18. dxe6 Qc4+ (18... fxe6 19. d7+ Kd8 20. Bg5+ Kc7 21. Qd3 Qa5
22. Rg1 Qd5 23. Rd1 Qxd3+ 24. Rxd3 Rad8 25. Bxd8+ Rxd8 26. Ke2 Rxd7 27. c4 $16)
19. Kg2 fxe6 20. d7+ Kd8 21. Rb1 b6 22. Bg5+ Kc7 23. Qf3 Rhf8 24. d8=Q+ Raxd8
25. Bxd8+ Rxd8 $44) 16. Bb3 Nxc3 17. bxc3 Qxc3 18. Rb1 Nxd4 $15) 15... Nxc3 16.
bxc3 Qxa4 17. exd6 Qb5+ 18. Qe2+ Qxe2+ 19. Kxe2 f6 20. Bf4 O-O-O $11) 15. Bxg5
(15. exd6 Nxc3 16. bxc3 Ne4 17. Qe2 O-O-O 18. Qxe4 Qxa4 $17) 15... Nxg5 16. Qg4
(16. d5 Bxe5 17. dxc6 b5 18. Bxb5 Bxc3 19. Qe2+ Be5 20. f4 O-O 21. fxe5 Rae8
$17 {[%csl Rf1]}) 16... Ne6 (16... h6 17. exd6 O-O 18. Bb3 Kh7 (18... c5 $2 19.
h4 cxd4 20. Nd5 $18) 19. h4 f5 20. Qg2 Qa6+ 21. Kg1 Nf7 22. h5 g5 23. d7 Rad8
24. Be6 Nd6 25. d5 Qb6 $15) 17. d5 $5 (17. exd6 O-O $17) 17... Nc5 $1 (17... h5
$5 18. Qh4 (18. Qc4 Qc5 19. Qb3 (19. Qxc5 Nxc5 20. exd6 O-O-O 21. Bb3 Rxd6 $15)
19... Nd4 20. Qxb7 O-O 21. exd6 Rab8 22. Qc7 Rxb2 23. d7 Qc4+ 24. Kg1 Bf6 $17)
18... g5 19. Qc4 Qc5 20. Qb3 (20. Qxc5 Nxc5 21. dxc6 O-O-O 22. cxb7+ Kxb7 23.
Bb3 Nxb3 24. axb3 Bxe5 $15) 20... Nd4 21. Qxb7 O-O 22. Qe7 Rae8 23. Qxd6 Qb6
24. Qa3 Rxe5 25. dxc6 Rd8 $17) 18. dxc6 O-O 19. b4 Qa6+ $8 20. Bb5 Qa3 21. Nd5
$8 Bxe5 (21... dxe5 $2 22. Qe2 (22. bxc5 Qb2 23. Kg2 Qxb5 $15) 22... Ne6 23.
cxb7 Rab8 24. Bc6 Nd4 25. Qc4 Rfd8 26. c3 (26. Ne7+ Kh8 27. Kg2 Rd7 $1 28. c3 (
28. Bxd7 Qf3+ 29. Kg1 Ne2+ $19) 28... Rxe7 29. cxd4 e4 30. Qb3 Qxb3 31. axb3
Bxd4 $17) 26... Nxc6 27. Qxc6 a5 28. b5 f5 29. Kg2 Qf8 30. Rhd1 Qf7 31. b6 e4
32. Qc7 Re8 33. Qxf7+ Kxf7 34. Rac1 Rxb7 35. c4 Rc8 36. c5 Rc6 37. Rc4 Bf8 38.
Rdc1 Ke6 39. Nc7+ (39. Nf4+ Ke5 40. Ne2 g5 41. Nd4 Rxc5 42. Rxc5+ Bxc5 43.
Rxc5+ Kxd4 44. Rxf5 Rxb6 45. Rxa5 $11) 39... Ke5 40. Nb5 Kd5 41. Rd4+ Ke5 42.
Rdc4 Kd5 $11) 22. Rd1 (22. Re1 Ne6 (22... f5 23. Qe2 Ne4 24. Qd3 $5 Qxa2 25.
Nc7 $16) 23. cxb7 Rab8 24. c4 Rxb7 25. Bc6 Rbb8 26. Bd7 Nd4 27. Kg2 Qxa2 $17)
22... Ne6 23. cxb7 Rab8 24. Rd3 Qxa2 25. Bc6 (25. c4 Rxb7 26. Rg1 $17) 25...
Qxc2 26. Qe2 (26. Qd1 Qxd1+ 27. Rxd1 Nd8 28. Ne7+ Kg7 29. Bf3 Re8 (29... Nxb7
30. Nc6 $1 $11) 30. Nc6 Nxc6 31. Bxc6 Re7 32. Rg1 Rc7 (32... Rexb7 33. Bxb7
Rxb7 34. Rg4 $15) 33. b5 h5 (33... a6 $4 34. bxa6 Rxc6 35. a7 $16) 34. Ke2 $17)
26... Qc1+ $2 (26... Qxe2+ 27. Kxe2 Nd4+ $19) 27. Rd1 Qh6 (27... Qa3 28. Rd3)
28. Qe4 (28. Qa6 Qh4 29. Qxa7 Bd4 30. Qa2 Nd8 31. b5 Nxb7 32. Qd2 Be5 $17)
28... Kh8 (28... f5 29. Qc4 Kh8 30. Ne7 Qh5 31. Qd5 Rfd8 (31... a6 32. Re1 Nf4
33. Qc4 Qh4 34. Nd5 $17) 32. b5 (32. Qf3 Qh4 33. Nc8 Nd4 34. Qd5 Nxc6 35. Qxc6
Qe4 (35... Qxb4 36. Qc7 Qb5+ 37. Kg1 $18) 36. Qxe4 fxe4 37. Nxa7 Rxb7 38. Nc6
Rc8 39. b5 (39. Nxe5 dxe5 40. Rd5 Rxb4 41. Rxe5 Rc2 42. Kg2 Rbb2 43. Rf1 Re2
44. Kg3 Kg7 45. Re7+ Kh6 46. Kg4 Rb5 $17) 39... Rxb5 (39... Rf8 40. Nxe5 dxe5
41. Rd5 Rbf7 (41... e3 42. Ke2 exf2 (42... Rxf2+ 43. Kxe3 Rb2 44. Rxe5 R7xb5
45. Rxb5 Rxb5 46. Kf3 $11) 43. Rxe5 $11) 42. Rh2 e3 43. Rxe5 Rxf2+ 44. Rxf2
Rxf2+ 45. Ke1 Rb2 46. Rxe3 Rxb5 $11) 40. Na7 Rcc5 41. Nxb5 Rxb5 42. Rg1 Kg7 $15
) 32... Nc5 $19) 29. Ne3 f5 30. Qd5 Nf4 (30... Nd8 $1 $17 {[%csl Rb7][%cal
Gh6g7]}) 31. Qf3 (31. Qa5 Qh5 $17) (31. Qa2 Qh5 $17) 31... Qg7 (31... Ne6 32.
Qd5 (32. Bd5 Ng5 33. Qg2 Ne4 34. Rd3 (34. Bxe4 fxe4 35. Qxe4 Rf4 36. Qc6 Rxb4
37. Ng4 Qf8 38. Nxe5 dxe5 39. Rd7 e4 40. Qc3+ Kg8 41. Kg2 Qf3+ (41... R8xb7 42.
Rhd1 Rxd7 43. Rxd7 a5 44. Qd2 Qf3+ 45. Kh2 e3 46. fxe3 Rh4 47. Qa2+ Kf8 48. Qe6
$11) 42. Qxf3 exf3+ 43. Kxf3 R8xb7 44. Rhd1 a5 $17)) 32... Nd8 $1) 32. Nc4 Rfd8
(32... d5 33. Nxe5 Qxe5 34. Bxd5 Nxd5 35. Rxd5 Qg7 36. Kg2 Rxb7 37. Rhd1 $15) (
32... Ne6 $1 33. Nxd6 Nd4 34. Qd5 Nxc6 35. Qxc6 Rfd8 36. Rd5 (36. Kg2 Qf6 $19)
36... Rxd6 37. Rxd6 Bxd6 38. Qxd6 Qxb7 39. Qd4+ Kg8 40. Rg1 Qe4 41. Qxe4 fxe4
42. Ke2 Rxb4 43. Ra1 Rb7 44. Ke3 Re7 $19) 33. h4 a6 (33... Qc7 34. b5 d5 35.
Nxe5 Qxe5 36. Qe3 Qe4 37. Rg1 $17) 34. Rg1 Qc7 35. Na5 (35. Rd2) 35... Qb6 36.
Qb3 d5 37. Qe3 (37. Bxd5 Qb5+ $19) (37. h5 $5 Nxh5 38. Rxd5 Bd4 39. Rxd8+ Rxd8
40. Rg2 Nf4 $17) 37... Qc7 38. Re1 (38. Qa7 Qe7 $19) 38... Bf6 39. Rg3 d4 40.
Qb3 d3 (40... Bxh4 41. Rg1 Bf6 $19) 41. h5 d2 42. Rd1 Rd6 (42... Nxh5 43. Rd3
Bg5 44. Bg2 Rxd3 45. Qxd3 h6 46. Qxa6 Nf4 $19) 43. Bh1 Kg7 $2 (43... Nxh5 $19)
44. hxg6 hxg6 45. Qc4 (45. Nc4 $2 Rh8 46. Bg2 Rd4 47. Ne3 {[%cal Ge3f5]} (47.
Nxd2 Qd7 $19) 47... Qe5 $19) 45... Qxc4+ 46. Nxc4 Rd4 47. Na5 (47. Nxd2 Nd5 $19
) 47... Rxb4 $2 (47... Rh8 48. Bf3 Rd3 49. Bc6 Rd6 $17) 48. Rb3 $11 (48. Nc6
R8xb7 49. Nxb4 Rxb4 50. Ra3 Rb6 51. Bf3 Be7 52. Ra2 Bb4 $19) 48... Rxb3 (48...
Ra4 $4 49. Nc6 Ra1 50. Rxa1 Bxa1 51. Rb1 $16) 49. Nxb3 Bc3 50. Nxd2 Ne6 51. Nb3
Kf6 $6 (51... Be5 $44) 52. Rc1 Be5 53. Rc8 Ke7 54. Bd5 Nf4 $4 (54... Nd8 55.
Na5 Kd7 56. Nc6 Nxc6 (56... Rxc8 57. Nxe5+ Kc7 58. bxc8=Q+ Kxc8 59. Nxg6 $18)
57. Bxc6+ Ke7 $11) 55. Na5 Kd7 (55... Nxd5 56. Nc6+ Kd6 57. Nxb8 Nb4 58. Rc1
$18) 56. Bc6+ $18 Ke7 57. Nc4 Bd6 58. Nxd6 Kxd6 59. Bf3 Rxb7 60. Bxb7 1-0

[Event "Bundesliga 0203"]
[Site "Germany"]
[Date "2003.01.12"]
[Round "9.8"]
[White "Keitlinghaus, Ludger"]
[Black "Kuraszkiewicz, Michael"]
[Result "1-0"]
[WhiteElo "2500"]
[BlackElo "2323"]
[Annotator "Tsesarsky,I"]
[PlyCount "59"]
[EventDate "2002.10.19"]
[EventType "team-tourn"]
[EventRounds "15"]
[EventCountry "GER"]
[SourceTitle "CBM 093"]
[Source "ChessBase"]
[SourceDate "2003.04.01"]
[SourceVersion "1"]
[SourceVersionDate "2003.04.01"]
[SourceQuality "1"]
[WhiteTeam "Baden Oos"]
[BlackTeam "Plauen"]
[WhiteTeamCountry "GER"]
[BlackTeamCountry "GER"]

1. e4 e5 2. Nf3 Nf6 3. Nc3 Nc6 4. Bb5 Nd4 5. Bc4 Bc5 6. Nxe5 (6. d3 {-mainline}
) 6... Qe7 7. Nf3 ({Very complicated position after} 7. Nxf7 Rf8 $1 ({Badly is
} 7... d5 $2 8. Nxh8 dxc4 9. d3 Be6 10. Bg5 O-O-O 11. O-O (11. e5 $16) 11...
cxd3 12. cxd3 Nc6 13. Nd5 $16 {1/2-1/2 Svoboda,S-Starzec,J/SVK 2001/EXT 2002 
(38)}) ({or} 7... Nxe4 $2 8. O-O d5 (8... Nxf2 9. Rxf2 Nxc2 10. Nd5 Bxf2+ 11.
Kf1 Qe1+ 12. Qxe1+ Bxe1 13. Nxc7+ Ke7 14. Nxh8 Nxa1 15. Nxa8 $18) 9. Bxd5 Bg4
10. Qxg4 $18 {1-0 Dahle,O-Pedersen,T/NOR 2000/EXT 2001 (24)}) 8. O-O Rxf7 9. e5
Ng8 10. Bxf7+ (10. Nd5 Qd8 11. c3 Ne6 12. d4 Bf8 13. Ne3 $36 {[%cal Gf2f4]})) (
7. Nd3 {-most popular move.}) 7... d5 $5 {This position was played last time
90 years ago,,,Black is not obliged to sacrifice P.} ({Black equalizes easily
after} 7... Nxe4 $5 8. O-O Nxc3 (8... O-O 9. Nd5 Nxf3+ 10. Qxf3 {[%csl Rc7]
[%cal Gd5c7]} Qh4 11. Nxc7 Rb8 12. d3 $16) 9. dxc3 Nxf3+ 10. Qxf3 O-O 11. Bf4
d6 $11) 8. Bxd5 ({Dubious is} 8. Nxd4 $2 dxc4 9. Nf3 Nxe4 10. O-O O-O 11. d4
cxd3 12. cxd3 Nxc3 13. bxc3 Bg4 $15 {0-1 Spielmann,R-Rubinstein,A/San
Sebastian 1912/HCL (45)}) 8... Nxd5 $2 $14 {Mistake!} ({Interesting - and
strong! - is} 8... Bg4 9. d3 c6 10. Bb3 Nd7 {and Black has sufficient
compensation:} 11. Bg5 Qd6 12. Nb1 (12. Be3 Ne5 13. Bxd4 Bxd4 14. h3 Bxf3 15.
gxf3 Qf6 $17 {[%csl Re1,Rf2,Rf3]}) 12... Qg6 (12... Ne5 13. Nbd2 Bb4 14. c3
Nxd3+ 15. Kf1 Nxb2 16. Nc4 Nxd1 17. Nxd6+ Bxd6 18. cxd4 Nc3 19. Re1 $132) 13.
Be3 Bxf3 14. gxf3 Qg2 15. Kd2 Nxf3+ (15... Nxb3+ 16. axb3 Bxe3+ 17. Kxe3 O-O
$44) 16. Kc1 Rd8 17. h3 Bxe3+ 18. fxe3 Nde5 19. Qf1 Qg5 20. Qe2 Nd4 21. Qd2
Ndf3 22. Qe2 Nd4 {1/2-1/2 Bernstein,O-Rubinstein,A/Vilnius 1912/EXT 99 (22)})
9. Nxd4 Nf4 $2 $16 ({Probably better was} 9... Bxd4 10. Nxd5 Qxe4+ 11. Qe2
Qxe2+ 12. Kxe2 $14 {Black has pair of BB, but it isn't sufficient compensation
for the P lack.}) 10. Qf3 Nxg2+ 11. Qxg2 Bxd4 12. Nd5 (12. Ne2 $6 Bf6 13. d4
$14) 12... Qh4 {White won P and has an advantage, but the opening results
weren't in White's favour.} (12... Bh3 $5 13. Qf3 Qd7 14. c3 (14. Nxc7+ Qxc7
15. Qxh3 Qxc2 $15 {[%csl Ra1,Rc1]}) 14... c6 (14... Bb6 15. Rg1 Be6 16. Rxg7
$16) 15. Nc7+ Qxc7 16. Qxh3 $16) 13. d3 ({Possibly also} 13. Nxc7+ Kf8 14. Rg1
(14. Nxa8 Bh3 15. Qf3 Bxf2+ 16. Qxf2 Qxe4+ 17. Qe2 Qxh1+ 18. Kf2 Qxh2+ 19. Ke3
Qe5+ 20. Kf2 $11) 14... Bh3 15. Qf3 Rc8 16. Nb5 $16) 13... Be5 14. Bg5 Qh5 $6
$18 {Now White wins relatively easily.} ({More stubborn was} 14... Bh3 15. Bxh4
Bxg2 16. Rg1 $16) 15. f4 c6 (15... Bh3 16. Qg3 Bd6 17. Bf6 $1 Rg8 18. Be5 $18)
16. fxe5 cxd5 17. exd5 {Huge material advantage is decisive factor.} Bg4 18.
Rg1 Bf3 19. Qf2 f6 20. exf6 O-O 21. Kd2 $5 (21. fxg7 $2 Rfe8+ 22. Be3 Rxe3+ 23.
Qxe3 Re8 24. Qxe8+ Qxe8+ 25. Kd2 Qe2+ $17) 21... Rae8 22. Rae1 Rxe1 23. Qxe1
Qxh2+ 24. Kc1 Bxd5 25. Kb1 (25. c4 Bf7 26. fxg7 $18) 25... Bf7 26. Bf4 $1 {
White wins by force.} Qxf4 27. Rxg7+ Kh8 28. Rxf7 $1 Rg8 29. a3 Qd4 30. Qe7 1-0

[Event "London Agency"]
[Site "London"]
[Date "1998.06.16"]
[Round "2"]
[White "Burnett, Ronald"]
[Black "Van den Doel, Erik"]
[Result "0-1"]
[WhiteElo "2400"]
[BlackElo "2485"]
[Annotator "Tsesarsky,I"]
[PlyCount "114"]
[EventDate "1998.06.15"]
[EventType "tourn"]
[EventRounds "9"]
[EventCountry "ENG"]
[EventCategory "9"]
[SourceTitle "CBM 066"]
[Source "ChessBase"]
[SourceDate "1998.09.30"]
[SourceVersion "1"]
[SourceVersionDate "1998.09.30"]
[SourceQuality "1"]

1. e4 e5 2. Nf3 Nc6 3. Bb5 Nf6 4. Nc3 Nd4 5. Nxd4 exd4 6. Nd5 (6. Ne2 Nxe4 7.
O-O (7. d3 Bb4+ 8. Kf1 Nd6 9. Ba4 Nf5 (9... Qh4 $15) 10. g3 O-O 11. Kg2 b6 12.
Rf1 Bb7+ 13. Kg1 Bf3 $17 {0-1 Kuliyeva,A-Bilciu,C/EU-chJW U14 Szombathely 1993
(16)}) (7. Nxd4 Bc5 8. Qe2 (8. Qf3 Qe7 9. Qe3 Bxd4 $19 {Gregorova,Z-Gedvilaite,
S/EU-chJW U10 Verdun 1995/0-1 (42)}) 8... O-O 9. d3 Nd6 $19 {0-1 De Vlieger,
E-Kovacevic,R/EU-chJW U14 Rimavska Sobota 1996 (25)}) 7... Qf6 8. d3 Nd6 9. Re1
Be7 10. Nf4 c6 11. Nh5 Qg6 12. Qe2 O-O 13. Qxe7 Nxb5 14. Bf4 Qxh5 15. a4 Qf5
16. Bg3 d5 17. axb5 $11 {1-0 Petr,J-Muron,M/CZE-chT2 1995 (29)}) 6... Nxd5 7.
exd5 Be7 (7... Qe7+ 8. Be2 Qe5 9. O-O Bd6 10. g3 Qxd5 11. Bf3 Qc5 12. Re1+ Be7
13. Qe2 c6 14. b4 Qg5 15. Bb2 d5 16. h4 Qf6 17. Bxd4 Qe6 18. Qd3 $18 {1-0
Hemmelgarn,K-Kotzem,E/NRW-I 1988 (33)}) (7... Qf6 8. O-O Be7 9. f4 O-O 10. Qf3
c5 11. b3 d6 12. Bb2 Bf5 13. Rae1 Bd8 14. Bd3 Ba5 15. Re2 Rae8 16. g3 Bxd3 17.
cxd3 Rxe2 18. Qxe2 Qf5 $17 {0-1 Wolf Heinrich-Alekhine Alexander/Karlsbad/1923
(36)}) 8. O-O O-O $11 9. b3 c5 10. Bb2 (10. dxc6 dxc6 11. Bd3 $11) 10... d6 11.
c3 dxc3 12. dxc3 Bf5 13. Bd3 Bxd3 14. Qxd3 Bf6 15. Rfe1 (15. Rae1 Qa5 16. a3
Rae8 17. b4 Qb6 18. Bc1 $11) 15... Re8 16. Re2 Rxe2 17. Qxe2 Qe8 18. Qd2 Qd7
19. Re1 (19. c4 Bxb2 20. Qxb2 Re8 21. Qd2 Qe7 22. Kf1 $11) 19... Re8 20. Bc1 (
20. Rxe8+ Qxe8 21. Bc1 b5 22. c4 $11) 20... Bg5 21. Qd1 (21. f4 Rxe1+ 22. Qxe1
Bf6 23. c4 $11) 21... Rxe1+ 22. Qxe1 Bxc1 23. Qxc1 $11 Qf5 (23... b5 24. Qe3
$11) 24. c4 Qe4 25. h3 a6 26. Qg5 f6 27. Qg3 Qe5 28. Qg4 (28. Qxe5 fxe5 29. Kf1
Kf7 30. Ke2 Kf6 31. Ke3 $11) 28... f5 29. Qg5 (29. Qd1 $11) 29... Kf7 30. g3 (
30. Qh5+ Kf6 31. Qxh7 Qe1+ 32. Kh2 Qxf2 33. Qg8 Qf4+ 34. Kh1 Qc1+ 35. Kh2 Qf4+
$11) 30... h6 31. Qh5+ Ke7 32. Qg6 (32. Qd1 $11) 32... b5 33. Kh2 (33. cxb5
axb5 34. a4 bxa4 35. bxa4 Kf8 36. a5 Qxd5 37. a6 c4 38. a7 c3 39. h4 $1 c2 40.
a8=Q+ Qxa8 41. Qxf5+ Ke7 42. Qxc2 $11) 33... f4 34. gxf4 (34. Kg2 bxc4 35. bxc4
fxg3 36. fxg3 Qe2+ 37. Kg1 Qe1+ 38. Kg2 Qe2+ $11) 34... Qxf4+ 35. Kg2 Qe5 36.
Qg4 bxc4 37. bxc4 (37. Qxc4 $11) 37... Kd8 38. Qf3 Kc7 39. Qf7+ Kb6 40. Qd7
Qe4+ 41. Kg1 Qg6+ 42. Kh2 Qf6 43. Kg2 Ka5 (43... Qg6+ $11) 44. a3 h5 45. Qe8 (
45. Qc6 g5 46. Qe8 g4 (46... h4 47. Qd7 $11) 47. hxg4 hxg4 48. Qd7 $11 (48. Qe4
Ka4 49. Qxg4 Kxa3 $17)) 45... Qf4 46. Qd7 (46. Qxh5 Qxc4 47. Qf7 Kb6 (47...
Qe4+ 48. Kg3 Qe5+ 49. f4 Qe1+ 50. Kg4 Ka4 (50... c4 51. Qc7+ $18) 51. Qd7+ Kxa3
52. Qxd6 Qg1+ 53. Kf5 a5 $15) 48. Qg8 Qe4+ 49. Kg3 Qg6+ 50. Kf4 Qf6+ 51. Kg4 c4
52. Qc8 Qd4+ 53. f4 Qc5 (53... Qxd5 54. Qb8+ Kc5 55. Qa7+ Kb5 56. Qb8+ Kc6 57.
Qa8+ $11) 54. Qb8+ Ka5 55. Qd8+ Ka4 56. Qa8 a5 57. Qc6+ Kb3 58. Qxc5 dxc5 59.
d6 c3 60. d7 c2 61. d8=Q c1=Q 62. Qxa5 c4 63. Qb4+ Ka2 64. a4 c3 65. a5 Qd1+
66. Kg5 Qd5+ 67. Kh4 c2 $19) 46... g5 47. Qe8 g4 48. Qxh5 $4 $19 (48. Qe2 $4
Ka4 49. Qd3 gxh3+ 50. Kxh3 h4 51. Kg2 Qg4+ 52. Kh2 h3 $19) (48. hxg4 $1 hxg4 (
48... Qxg4+ 49. Kh2 Qxc4 50. Qd8+ Ka4 51. Qxd6 Kxa3 52. Qg3+ Kb4 53. Qe5 (53.
d6 Qd4 $19) 53... Qh4+ 54. Kg2 Qg4+ 55. Kh2 h4 56. d6 h3 57. Qd5 Qd7 58. f4
$132) 49. Qd7 Qe4+ (49... Qxc4 50. Qxd6 Qe4+ 51. Kh2 Kb5 (51... c4 52. Qb4#)
52. a4+ Kc4 53. Qxa6+ Kxd5 54. a5 $11) 50. Kg3 Qf3+ 51. Kh4 Qxf2+ 52. Kxg4 $15)
48... gxh3+ (48... Qf3+ $2 49. Kg1 Qd1+ 50. Kg2 $11) 49. Qxh3 Qxc4 $19 50. Qe6
(50. Qf5 Qd4 51. f4 c4 52. Qf7 Qc5 53. f5 c3 54. Qe7 c2 55. Qe1+ Ka4 56. Qc1
Qxd5+ $19) 50... Qf4 51. Kf1 Ka4 52. Qe2 a5 53. Qa2 c4 54. Qb2 Qe4 55. Qd2 Kb3
(55... Qd3+ 56. Ke1 Qxd2+ 57. Kxd2 Kb3 58. Kc1 Kc3 59. f4 Kd4 $19) 56. Qxa5 c3
57. Qb6+ Ka2 0-1